Оценка надежности витковой изоляции всыпных обмоток по дефектности провода; Труды научно-технической конференции по новым работам в области исследования асинхронных двигателей

Bibliographic Details
Parent link:Труды научно-технической конференции по новым работам в области исследования асинхронных двигателей.— 1970
Main Author: Стрельбицкий Э. К. Эдуард Карлович
Other Authors: Похолков Ю. П. Юрий Петрович
Summary:В фонде НТБ ТПУ отсутствует
Language:Russian
Published: 1970
Subjects:
Format: MixedMaterials Book Chapter
KOHA link:https://koha.lib.tpu.ru/cgi-bin/koha/opac-detail.pl?biblionumber=595269

MARC

LEADER 00000naa0a2200000 4500
001 595269
005 20250227111810.0
035 |a (RuTPU)RU\TPU\tpu\15954 
090 |a 595269 
100 |a 20090318d1970 k y0rusy50 ca 
101 0 |a rus 
102 |a RU 
200 1 |a Оценка надежности витковой изоляции всыпных обмоток по дефектности провода  |f Э. К. Стрельбицкий, Ю. П. Похолков 
333 |a В фонде НТБ ТПУ отсутствует 
463 |t Труды научно-технической конференции по новым работам в области исследования асинхронных двигателей  |c [Б. м.]  |d 1970 
610 1 |a труды учёных ТПУ 
700 1 |a Стрельбицкий  |b Э. К.  |c российский ученый, электромеханик  |c профессор кафедры электрических машин и аппаратов ТПИ  |f 1932-2005  |g Эдуард Карлович  |3 (RuTPU)RU\TPU\pers\19870  |9 7807 
701 1 |a Похолков  |b Ю. П.  |c специалист в области электротехники, доктор технических наук  |c ректор Томского политехнического университета (1990-2008), профессор  |f 1939-  |g Юрий Петрович  |3 (RuTPU)RU\TPU\pers\10508  |9 2235 
801 1 |a RU  |b 63413507  |c 20090318  |g PSBO 
942 |c BK